LDR 01048naa#a2200181#i#450# 001 EN\INFRA-M\bibl\110633 005 20260703104854.5 011 ## _a2500-3305 100 ## _a20260430b2026####ek#y0engy0150####ca 102 ## _aRU 200 1# _aDevelopment of reading and writing skills in primary schoolchildren with delayed psychological development using digital technologies _eJournal article 210 1# _aMoscow _cINFRA-M Academic Publishing LLC. _d2026 215 ## _a9 с. 608 ## _aJournal article _2local 675 ## _aВоспитание, образование и обучение особых групп лиц. 376 _aПрикладные информационные (компьютерные) технологии. 004.9 _aРазвитие речи. Основы для обучения грамматике и правописанию. 372.46 _aОбразование. Воспитание. Обучение. Организация досуга. 37 _z 700 #1 _aAfanasyeva _gYulia Anatolevna 700 #1 _aAnikina _gSvetlana Alexandrovna 856 4# _anaukaru.ru _u